Quizzes
Events
Quiz Creation
Community
Videos
Private Events
Remove Ads
Sign In
Join for FREE
Feedback
Dark Mode
Quiz Categories
Sports
Geography
Music
Movies
Television
Just For Fun
Miscellaneous
History
Literature
Language
Science
Gaming
Entertainment
Religion
Holiday
For Kids
Quiz Lab
Recent
Popular Today
Quiz Kudos Today
Editor Picks
Curator Picks
Quizzes by...
Day
Popularity
Type
Ratings
Length
Year
Community
Subscriptions
Recent Discussions
Orange Saloon
Badges
Playlists
Quests
Create
Leaderboards
Showdown
Live 5
Trivia Bingo
Activity
Puzzle Library
Sporcle Events
Private Events
Virtual Trivia
Globe League
Become a Host
Pub Owners
SporcleCon
Opinionation
Our Games
Videos
Blog
Mobile Apps
Partnerships
Remove Ads and Go Orange
Feedback
Miscellaneous
Crossword
General Knowledge
Baby Names
Logo
Food
Cars
Numbers
Grab Bag
University
College
Popular
Company
Slogans
Restaurants
Justice
Letter
Miscellaneous
Crossword
General Knowledge
Baby Names
Logo
Food
Cars
Numbers
Grab Bag
University
College
Popular
Company
Slogans
Restaurants
Justice
Letter
Random Quiz
Search Sporcle
×
Quiz Lab
Quiz Lab
Miscellaneous
City
Type in answers that appear in a list
Type in answers that appear in a list
Classic
Best Score? Go Orange.
Best Hotel in Each City Stats
Can you name the Best Hotel in Each City?
By
apritzker10
10m
38 Questions
168 Plays
168 Plays
168 Plays
Comments
Comments
Give Quiz Kudos
Give Quiz Kudos
-
- Ratings
hide this ad
Replay
Link that replays current quiz
Next Quiz
Link to next quiz in quiz playlist
You Got
0%
They Got
Avg Score
14%
Avg Friend Score
Upgrade to see
Score Distribution
Jump to the score distribution portion of the page
Score
0/38
Timer
10:00
0
Plays Today
City/Town
Hotel
% Correct
Mexico City
The Four Seasons
67.9%
Cairo
The Four Seasons
67.9%
Jakarta
The Ritz-Carlton
61.3%
Chicago
The Peninsula
36.9%
Hong Kong
The Peninsula
36.9%
Tokyo
Mandarin Oriental
36.9%
New York
The Waldorf-Astoria
33.3%
Dubai
Burj al Arab
21.4%
Las Vegas
The Bellagio
20.8%
Singapore
Raffles
17.3%
Paradise Island
Atlantis
13.1%
Quebec City
Chateau Frontenac
11.9%
London
Claridges
10.1%
Los Angeles
The Beverly Hills Hotel
9.5%
Washington D.C.
The Hay-Adams
8.3%
Rio de Janeiro
Copacabana Palace
8.3%
Paris
The Crillon
7.7%
Vienna
The Imperial
7.7%
Venice
Cipriani
7.1%
City/Town
Hotel
% Correct
Barcelona
The Arts
6.5%
Philadelphia
The Rittenhouse
6%
Honolulu
Halekulani
6%
Berlin
The Regent
5.4%
Johannesburg
Saxon
4.2%
Boston
15 Beacon
3%
San Francisco
The Clift
3%
Miami
The Delano
3%
New Orleans
The Windsor Court
3%
Sydney
The Observatory
3%
Zurich
The Widder
2.4%
Lisbon
Lapa Palace
2.4%
Aspen
Hotel Jerome
2.4%
Lima
Miraflores Park Hotel
1.8%
Rome
The St. Regis Grand
1.2%
Milan
Hotel Principe di Savoia
1.2%
Beijing
The Peninsula Palace
1.2%
Riyadh
The Four Seasons Kingdom Centre
1.2%
Tel Aviv
Dan Tel Aviv
1.2%
Quiz Playlist
Details
Report
Send in Message
Add To Playlist
Classic:
Type in answers that appear in a list
Last Updated: Feb 16, 2017
Quiz Scoreboard
CHALLENGE
Sign Up to Join the Scoreboard
Show All
Scores
Hide
Comments
May contain spoilers
Recently Published
College Basketball Coaching Resumes
by pancakes188
Sports
9m
Billboard Blitz: Fleetwood Mac
by CooCooCachoo
Music
15s
Presidents Visiting Landmarks
by Hejman
History
7m
More to Explore
Quiz From the Vault
Featured Blog Post
Where Did the Easter Bunny Come From?
hide this ad
You Might Also Like...
Tags
City Quiz
hotel
Town
Today's Top Quizzes in Miscellaneous
Browse Miscellaneous
hide this ad
Today's Top Quizzes in City
Browse City
Top Contributed Quizzes in Miscellaneous
1
5-to-1: Fast Food
2
The JOE quick-fire general knowledge quiz: Day 174
3
The JOE quick-fire general knowledge quiz: Day 173
4
5-to-1: Cocktails
5
The JOE quick-fire general knowledge quiz: Day 172
6
Sunday Crossword: Famous Bodies of Water
7
The JOE quick-fire general knowledge quiz: Day 171
8
One Thing in Common: United Kingdom II
9
Named After an Animal - Odd One Out!
10
The JOE quick-fire quiz: Day 170
Explore More
Trending Topics
Marvel
Harry Potter
Crossword
Disney
Anime
NBA
Kpop
Song
WWE
NFL
Country
The Office
Pokémon
Puzzle
Soccer
hide this ad
More By:
apritzker10
Quiz
Plays
Rating
Category
Featured
Created
Airlines Biggest Hubs
5,781
3.14
Geography
Jan 5, 2010
Airlines at New York-JFK Airport
951
1.43
Miscellaneous
Jan 6, 2010
African-American Quarterbacks
493
1.87
Sports
Oct 15, 2009
Chicago Red Line Stops
236
3.33
Miscellaneous
Oct 15, 2009
Best Hotel in Each City
168
1.00
Miscellaneous
Oct 19, 2009
Go to Creator's Profile
Score Distribution
Quiz Creator Spotlight
apritzker10
Follow
Send a Message
Quizzes Created
-
Created Quiz Play Count
-
More By This Creator
Popular Quizzes Today
1
Find the US States - No Outlines Minefield
2
Find the Countries of Europe - No Outlines Minefield
3
The Countries of the World
4
Find the US States
5
Risky Map Clicking: Biggest States A-Z
6
US States
7
Popular People in 1961
8
Movies - When Are They Set?
More Miscellaneous Quizzes
'H' Game
Published
Trending Quizzes
Risky Map Clicking: Least Populous States A-Z
1-10 Letter G Words
1-10 Letter F Words
Risky Map Clicking: Next State Alphabetically
Click the Washington State Counties! (Map)
Recently Updated
Leaping Animals
pecheneg
Reality TV Shows (A-Z)
bhenderson79
Rickey Henderson's Hall of Fame Teammates
pecheneg
Champions League XIs: Arsenal
pecheneg
Quick Pick: Celebrities in WWE's Hall of Fame
aduchscher
A-Z Keypad Blitz II
pecheneg
Multiple Oscar Actors
pecheneg
Mystery Phrase Blitz: Oscar 'Best Actors'
pecheneg
F. Scott Fitzgerald Novels
LTH
Pick 3 Villains
ddd62291
Trending Topics
Marvel
Crossword
Harry Potter
Anime
Disney
NBA
Kpop
Pokémon
Soccer
WWE
Song
Country
NFL
Puzzle
The Office
Your Account Isn't Verified!
In order to create a playlist on Sporcle, you need to verify the email address you used during registration. Go to your
Sporcle Settings
to finish the process.
Report this User
Report this user for behavior that violates our
Community Guidelines
.
Details:
Send Report
Go to the Sporcle.com Mobile Site →
Comments